| 000 | 00616nam a2200241Ia 4500 | ||
|---|---|---|---|
| 008 | 171120s9999 xx 000 0 und d | ||
| 020 | _a1858217725 | ||
| 050 | _a900 | ||
| 050 | _bW332 2000 | ||
| 100 | _aWaterstone, John | ||
| 245 | _aTwo millennia : | ||
| 245 | _ba look at the Christian era leaving out the boring bits / | ||
| 245 | _cby John Waterstone. | ||
| 260 | _aDurham : | ||
| 260 | _bThe Pentland Press Limited, | ||
| 260 | _c2000 | ||
| 300 | _a108 pages : | ||
| 300 | _billustrations ; | ||
| 300 | _c21cm. | ||
| 650 | _aWorld history -- | ||
| 650 | _xChristianity. | ||
| 700 | _aTitle. | ||
| 999 |
_c345468 _d345468 |
||